000 01242nam0a22002531 4500
001 rc\134611
005 20260407131600.0
035 _a(NLR Aleph) 005408070
090 _a7344191
_c7344191
100 _a20030307d1995 |||y0rusy50 ca
101 0 _arus
102 _aRU
105 _ay |||||||||
200 1 _aСТОМАТОЛОГИЧЕСКИЕ пломбировочные материалы
_eУчеб.-метод. пособие для студентов и преподавателей стоматолог. фак.
_fМ-во здравоохранения и мед. пром-сти Рос. Федерации, Ставроп. гос. мед. акад.
_g[Сост. Н.Н. Гаража и др.]
_gПод ред. проф. Н.Н. Гаражи
210 _aСтаврополь
_cСтавроп. гос. мед. акад.
_d1995
215 _a61 с.
_d20
320 _aБиблиогр.: с. 58-59
702 1 _aГаража
_bН.Н.
_gНиколай Николаевич
_4220
712 0 2 _aСтавропольская государственная медицинская академия
_3RU\NLR\AUTH\889985579
_9466749
801 0 _aRU
_bNLR
_gpsbo
801 1 _aRU
_bELAR
_2rusmarc
852 _aNLR
_j95-4/9125
942 _cBOOK
980 _aNB